00377 a2200121 4500001000900000005001700009008004100026245004100067100004100108700002300149773006800172999001500240ART_749620260410161554.0260409a 10aDoctrina y contaminación ambiental1 aPahlen Acuña, Ricardo Jose María1 aCampo, Ana María0 tProfesional & Empresariag- Año IX. Nº 99 (dic. 2007)wREV70 c9099d9099